000 00805nam a22002177a 4500
005 20121008143942.0
008 121008t xxu||||| |||| 00| 0 eng d
010 _aENG-106042
020 _a9788182473867
_c695.00
035 _aEN-89575
037 _bDBAD / PUB
040 _adpl
_bEnglish
082 _a305.420954
100 _952944
_aKamal Kant
245 _aIndian women from tradition to modernity/
_cby Kamal Kant
260 _aMohali
_bOut Line Publisher
_c2012
270 _aS.C.O. 1, Dasmesh Nagar, Opp. Dhilon Farm, Nayagaon, SAS Nagar
_bMohali
300 _a223p.
_c22cm(Hb)
942 _2ddc
_cEN
_mKAM
_h305.420954
999 _c70661
_d70661